000 00426nam a22001697a 4500
999 _c8817
_d8817
003 OSt
008 200711b ||||| |||| 00| 0 eng d
020 _a9789381595312
082 _a615.1901JAP
100 _aJain, Anurekha
245 _aPharmaceutical Instrumental Analysis
250 _a2019
260 _aNew Delhi
_bNirali
300 _a9.12
650 _aPharmaceutical Analysis and Quality Assurance
942 _2ddc
_cBK